| 000 | 01644nam a22004457a 4500 | ||
|---|---|---|---|
| 003 | CHAP | ||
| 005 | 20220817044544.0 | ||
| 008 | 121009s2012 it r 00010 eng d | ||
| 010 | _a104052 | ||
| 011 | _a105024 | ||
| 020 | _a9789251071342 | ||
| 035 | _a115716 | ||
| 040 | _cCHAP | ||
| 082 | 0 | 4 |
_a581.151 _bF21y v.2 |
| 110 | 2 | _aFAO | |
| 245 | 1 | 0 |
_aConservation and sustainable use under the International Treaty _c/por FAO |
| 260 |
_aRoma : _bFAO, _c2012 |
||
| 300 |
_axi, 154 p. : _bilus. |
||
| 500 | _aThis is the second educational module in a series of training materials for the implementation of the International Treaty on Plant Genetic Resources for Food and Agriculture | ||
| 590 |
_aBATCH-UPD _b10 _c20130110 _lUCH01 _h0257 |
||
| 590 |
_aBATCH-UPD _b10 _c20130110 _lUCH01 _h0318 |
||
| 590 |
_aBATCH-UPD _b10 _c20130110 _lUCH01 _h0354 |
||
| 590 |
_aBATCH-UPD _b10 _c20130110 _lUCH01 _h0421 |
||
| 590 |
_aBATCH-UPD _b10 _c20130110 _lUCH01 _h0432 |
||
| 590 |
_aBATCH-UPD _b10 _c20130110 _lUCH01 _h0433 |
||
| 590 |
_aBATCH-UPD _b10 _c20130409 _lUCH01 _h2225 |
||
| 590 |
_aBATCH-UPD _b10 _c20130409 _lUCH01 _h2331 |
||
| 590 |
_aBATCH-UPD _b10 _c20130409 _lUCH01 _h2343 |
||
| 590 |
_aBATCH-UPD _b10 _c20130913 _lUCH01 _h2336 |
||
| 590 |
_aCONVERSION _b10 _c20130109 _lUCH01 _h1357 |
||
| 650 | 0 | 4 | _aAgricultura sustentable. |
| 650 | 0 | 4 |
_aGermoplasma. _947766 |
| 650 | 0 | 4 |
_aRecursos genéticos _xConservación. _995081 |
| 650 | 0 | 4 |
_aRecursos genéticos _xLeyes. _995083 |
| 650 | 0 | 4 | _aTransgénicos. |
| 650 | 0 | 4 |
_aTratados. _9114689 |
| 901 | _aBK | ||
| 942 | _cLIBRO | ||
| 949 |
_a581.151 F21y v.2 _bBC _cLIBRO _d33724002351082 _eFAO1 _h117428 _i115716 _st |
||
| 999 |
_c104052 _d104052 |
||